000 00529ntaaa2200193 4500
003 01
005 20251027201346.0
008 0714s1973 ag 01
040 _aAR-BaBN
_bspa
_cAR-BaBN
_eaacr
_dRIC
082 _a225.0000 C21
100 _aCarmichael, Patrick H.
_910897
245 _aUnderstanding the books of the New Testament
250 _a1 ed. :
_bJ. Knox,
_cc/952, 1963
300 _a224 p.
500 _aA good introduction to each book of the N.T.
650 _aBiblia-Nuevo Testamento
650 _aN.T.
942 _cBK
999 _c8112
_d8112